<?xml version="1.0" encoding="UTF-8"?>
<record
    xmlns:xsi="http://www.w3.org/2001/XMLSchema-instance"
    xsi:schemaLocation="http://www.loc.gov/MARC21/slim http://www.loc.gov/standards/marcxml/schema/MARC21slim.xsd"
    xmlns="http://www.loc.gov/MARC21/slim">

  <leader>00946cam a22002531  4500</leader>
  <controlfield tag="001">he 67000765 </controlfield>
  <controlfield tag="003">DLC</controlfield>
  <controlfield tag="005">20260227111446.0</controlfield>
  <controlfield tag="008">850102s1962    nyu           000 0 heb  </controlfield>
  <datafield tag="010" ind1=" " ind2=" ">
    <subfield code="a">he 67000765 </subfield>
  </datafield>
  <datafield tag="035" ind1=" " ind2=" ">
    <subfield code="a">(OCoLC)19184799</subfield>
  </datafield>
  <datafield tag="040" ind1=" " ind2=" ">
    <subfield code="a">DLC</subfield>
    <subfield code="c">MH</subfield>
    <subfield code="d">DLC</subfield>
  </datafield>
  <datafield tag="050" ind1="0" ind2="0">
    <subfield code="a">BM745</subfield>
    <subfield code="b">.T4 1962</subfield>
  </datafield>
  <datafield tag="100" ind1="1" ind2=" ">
    <subfield code="a">&#x1E6C;ai&#x1E6D;elboim, Ye&#x1E33;uti&#x2BC;el Yehudah,</subfield>
    <subfield code="d">1808-1891.</subfield>
  </datafield>
  <datafield tag="245" ind1="1" ind2="0">
    <subfield code="a">Ye&#x1E6D;iv panim :</subfield>
    <subfield code="b">tokhe&#x1E25;at musar, ben kese le-&#x2BB;a&#x15B;or davar be-&#x2BB;ito be-mo&#x2BB;adim le-&#x15B;im&#x1E25;ah u-zemanim le-sa&#x15B;on, &#x1E7F;e-Shabtot ha-shanah ha-ne&#x1E33;uvim bi-shemotam...</subfield>
  </datafield>
  <datafield tag="260" ind1=" " ind2=" ">
    <subfield code="a">Brooklyn :</subfield>
    <subfield code="b">Hotsa&#x2BC;at bet mis&#x1E25;ar &#x1E7F;e-hotsa&#x2BC;at sefarim Yerushalayim,</subfield>
    <subfield code="c">723 [1962 or 1963]</subfield>
  </datafield>
  <datafield tag="300" ind1=" " ind2=" ">
    <subfield code="a">2 v. ;</subfield>
    <subfield code="c">26 cm.</subfield>
  </datafield>
  <datafield tag="500" ind1=" " ind2=" ">
    <subfield code="a">Photo-offset of Lemberg, 1882 and Huszt, 1912 eds.</subfield>
  </datafield>
  <datafield tag="650" ind1=" " ind2="0">
    <subfield code="a">Jewish festival-day sermons.</subfield>
  </datafield>
  <datafield tag="650" ind1=" " ind2="0">
    <subfield code="a">Jewish sermons.</subfield>
  </datafield>
  <datafield tag="752" ind1=" " ind2=" ">
    <subfield code="a">Ukraine</subfield>
    <subfield code="d">Lemberg</subfield>
  </datafield>
  <datafield tag="752" ind1=" " ind2=" ">
    <subfield code="a">Ukraine</subfield>
    <subfield code="d">Huszt</subfield>
  </datafield>
  <datafield tag="752" ind1=" " ind2=" ">
    <subfield code="a">United States</subfield>
    <subfield code="b">New York</subfield>
    <subfield code="d">New York</subfield>
  </datafield>
  <datafield tag="999" ind1=" " ind2=" ">
    <subfield code="c">32324</subfield>
    <subfield code="d">32324</subfield>
  </datafield>
</record>
